000 00555nam a2200181 i 4500
001 47517
003 ES-MaACL
005 20240320062526.0
007 t|
008 030430s1949 sp ||||1| spa d
080 _a821.134.2-31"19"
100 1 _aGómez de la Serna, Ramón,
_d1888-1963
_957901
245 1 4 _aLas tres gracias
_b: (novela madrileña de invierno) /
_cRamón Gómez de la Serna.
260 _aMadrid :
_bPerseo,
_c[1949]
300 _a267 p. :
_b1 retr. autor ;
_c20 cm.
852 _aES-MaACL
_jF-14461
_bR.132321
999 _c47517
_d47517